000 00548nam a2200181Ia 4500
003 GCL
008 140319s9999 xx 000 0 ara d
040 _aGCL /
_cGCL
082 0 4 _a819.9
_bع ع
100 1 _aعبدالعزيز شرف
245 1 0 _aعصر العقاد: صفحات مطوية من حياة العقاد الصحفية /
_cعبدالعزيز شرف
300 _a398
490 _a100 قصة
_v0
650 0 4 _aالادب العربى
650 0 4 _aالادباء
650 0 4 _aعباس محمود العقاد
942 _2ddc
_cBK
999 _c43451
_d43451